000 00379nam a2200157Ia 4500
008 230917s9999||||xx |||||||||||||| ||und||
040 _e13160
_aMAIN
041 _aEnglish
082 _a515.35 A63D
100 _aAgnew, Ralph Palmer
245 0 _aDifferential equations
250 _a2nd ed.
260 _aNew York
_bMcGraw-Hill
_c1960
300 _aix, 485 p.
942 _cBK
999 _c124724
_d124724